Loading...
| Current Events | 3 | 13.33 | 100% | 33% | 0% |
| Fine Arts - Auditory Fine Arts | 7 | 15.71 | 86% | 43% | 29% |
| Fine Arts - Other Fine Arts | 9 | 13.33 | 89% | 33% | 11% |
| Fine Arts - Visual Fine Arts | 4 | 27.50 | 100% | 100% | 75% |
| Geography | 2 | 20.00 | 100% | 100% | 0% |
| History - American History | 5 | 10.00 | 80% | 20% | 0% |
| History - European History | 5 | 14.00 | 80% | 40% | 20% |
| History - Other History | 6 | 18.33 | 100% | 67% | 17% |
| History - World History | 7 | 18.57 | 100% | 71% | 14% |
| Literature - American Literature | 4 | 25.00 | 100% | 75% | 75% |
| Literature - British Literature | 7 | 21.43 | 86% | 57% | 71% |
| Literature - European Literature | 6 | 23.33 | 100% | 83% | 50% |
| Literature - World Literature | 3 | 20.00 | 100% | 33% | 67% |
| Mythology | 5 | 10.00 | 60% | 40% | 0% |
| Other Academic | 1 | 10.00 | 0% | 0% | 100% |
| Philosophy | 5 | 20.00 | 100% | 60% | 40% |
| Religion | 7 | 20.00 | 100% | 71% | 29% |
| Science - Biology | 6 | 8.33 | 67% | 0% | 17% |
| Science - Chemistry | 5 | 10.00 | 100% | 0% | 0% |
| Science - Other Science | 6 | 6.67 | 67% | 0% | 0% |
| Science - Physics | 7 | 17.14 | 100% | 57% | 14% |
| Social Science | 6 | 18.33 | 100% | 67% | 17% |